| 000 | 00497nam a2200145 a 4500 | ||
|---|---|---|---|
| 001 | 000030657 | ||
| 005 | 20200930062432.0 | ||
| 008 | 110525q1947 nw abc 000 | spa d | ||
| 040 |
_aDO-SdBNP _bspa _cBNPHU |
||
| 082 |
_axxx _bW177j |
||
| 100 | 1 |
_aWalker, Stanley _957245 |
|
| 245 | 1 | 0 |
_aJourney toward the sunlight : _ba story of the Dominican Republic and its people / _cStanley Walker. |
| 260 |
_aNew York : _bCaribbean Library, _c[1947]. |
||
| 300 |
_av, 226, [32] p. : _bil., mapas, retrs. ; _c21 cm. |
||
| 999 |
_c30149 _d30149 |
||